GETS Theological Seminary Library

Luo teng shu xia de mi si : (Record no. 54176)

MARC details
000 -LEADER
fixed length control field 01762nam a2200397 i 4500
001 - CONTROL NUMBER
control field P202507090007
008 - FIXED-LENGTH DATA ELEMENTS--GENERAL INFORMATION
fixed length control field 260105s2025 ch s 000 0 chi d
020 ## - INTERNATIONAL STANDARD BOOK NUMBER
International Standard Book Number 9789577276544
020 ## - INTERNATIONAL STANDARD BOOK NUMBER
International Standard Book Number 9789577276568
Qualifying information (PDF)
020 ## - INTERNATIONAL STANDARD BOOK NUMBER
International Standard Book Number 9789577276605
Qualifying information (EPUB)
040 ## - CATALOGING SOURCE
Original cataloging agency Airiti
Language of cataloging eng
Description conventions rda
Transcribing agency Airiti
050 #4 - LIBRARY OF CONGRESS CALL NUMBER
Classification number BS1415.53
Item number Z436 2025
100 1# - MAIN ENTRY--PERSONAL NAME
Linkage 880-01
Personal name Zhang, Dejian,
Relator term author.
245 10 - TITLE STATEMENT
Linkage 880-02
Title Luo teng shu xia de mi si :
Remainder of title cong yue bo ji kan ku nan yu ling xing guan gu /
Statement of responsibility, etc. Zhang Dejian, Ke Junying, Lin Muyu he zhu.
246 30 - VARYING FORM OF TITLE
Linkage 880-03
Title proper/short title Cong yue bo ji kan ku nan yu ling xing guan gu
250 ## - EDITION STATEMENT
Linkage 880-04
Edition statement Chu ban.
264 #1 - PRODUCTION, PUBLICATION, DISTRIBUTION, MANUFACTURE, AND COPYRIGHT NOTICE
Linkage 880-05
Place of production, publication, distribution, manufacture Taibei Shi :
Name of producer, publisher, distributor, manufacturer Cai tuan fa ren Jidu jiao yu zhou guang quan ren guan huai ji gou,
Date of production, publication, distribution, manufacture, or copyright notice 2025.
300 ## - PHYSICAL DESCRIPTION
Extent 218 pages
336 ## - CONTENT TYPE
Content type term text
Content type code txt
Source rdacontent
337 ## - MEDIA TYPE
Media type term computer
Media type code c
Source rdamedia
338 ## - CARRIER TYPE
Carrier type term online resource
Carrier type code cr
Source rdacarrier
347 ## - DIGITAL FILE CHARACTERISTICS
File type text file
Encoding format PDF
Source rda
533 ## - REPRODUCTION NOTE
Type of reproduction Electronic reproduction.
Place of reproduction New Taipei :
Agency responsible for reproduction Airiti,
Date of reproduction 2025.
Note about reproduction System requirements: iRead eBook.
-- Available via World Wide Web.
630 00 - SUBJECT ADDED ENTRY--UNIFORM TITLE
Uniform title Bible.
Name of part/section of a work Job
Form subdivision Commentaries.
700 1# - ADDED ENTRY--PERSONAL NAME
Linkage 880-06
Personal name Ke, Junying,
Relator term author.
700 1# - ADDED ENTRY--PERSONAL NAME
Linkage 880-07
Personal name Lin, Muyu,
Relator term author.
856 40 - ELECTRONIC LOCATION AND ACCESS
Uniform Resource Identifier <a href="https://gets.airitibooks.com/Publication/Details?publicationID=P202507090007">https://gets.airitibooks.com/Publication/Details?publicationID=P202507090007</a>
880 1# - ALTERNATE GRAPHIC REPRESENTATION
Linkage 100-01/
--
a 張德健,
e author.
880 10 - ALTERNATE GRAPHIC REPRESENTATION
Linkage 245-02/
--
a 羅騰樹下的迷思 :
b 從約伯記看苦難與靈性關顧 /
c 張德健, 柯君穎, 林慕羽合著.
880 30 - ALTERNATE GRAPHIC REPRESENTATION
Linkage 246-03/
--
a 從約伯記看苦難與靈性關顧
880 ## - ALTERNATE GRAPHIC REPRESENTATION
Linkage 250-04/
--
a 初版.
880 #1 - ALTERNATE GRAPHIC REPRESENTATION
Linkage 264-05/
--
a 臺北市 :
b 財團法人基督教宇宙光全人關懷機構,
c 2025.
880 1# - ALTERNATE GRAPHIC REPRESENTATION
Linkage 700-06/
--
a 柯君穎,
e author.
880 1# - ALTERNATE GRAPHIC REPRESENTATION
Linkage 700-07/
--
a 林慕羽,
e author.

No items available.

OpacCredits

Contact the Librarian, GETS Library
Email: library@mygets.org









Implemented by GETS Library
(Powered by ETCA Professional Group)
GETS Theological Seminary
412 E. Rowland Street, CA 91723